Комплексная продуктивность лесов и организация многоцелевого (многопродуктового) лесопользования (Запись № 7542422)

Подробности
000 -МАРКЕР
контрольное поле 01572nam0a22002771 4500
001 - ИДЕНТИФИКАТОР ЗАПИСИ
контрольное поле rc\162630
005 - ИДЕНТИФИКАТОР ВЕРСИИ
контрольное поле 20260407094212.0
010 ## - МЕЖДУНАРОДНЫЙ СТАНДАРТНЫЙ НОМЕР КНИГИ (ISBN)
Номер (ISBN) 5-230-03950-7
Тираж 200
035 ## - ДРУГИЕ СИСТЕМНЫЕ НОМЕРА
Идентификатор записи (NLR Aleph) 005427559
100 ## - ДАННЫЕ ОБЩЕЙ ОБРАБОТКИ
Данные общей обработки 20030307d1996 |||y0rusy50 ca
101 0# - ЯЗЫК РЕСУРСА
Язык текста, звукозаписи и т.д. русский
102 ## - СТРАНА ПУБЛИКАЦИИ ИЛИ ПРОИЗВОДСТВА
Страна публикации Российская Федерация
105 ## - ПОЛЕ КОДИРОВАННЫХ ДАННЫХ: ТЕКСТОВЫЕ МАТЕРИАЛЫ, МОНОГРАФИЧЕСКИЕ
Кодированные данные о монографическом текстовом документе y |||||||||
200 1# - ЗАГЛАВИЕ И СВЕДЕНИЯ ОБ ОТВЕТСТВЕННОСТИ
Основное заглавие Комплексная продуктивность лесов и организация многоцелевого (многопродуктового) лесопользования
Сведения, относящиеся к заглавию Тез. всерос. конф., Воронеж. 13-14 дек. 1995 г.
Первые сведения об ответственности [Редкол.: В.Г. Шаталов (науч. ред.) и др.]
210 ## - ПУБЛИКАЦИЯ, РАСПРОСТРАНЕНИЕ И ДР.
Место издания, распространения и т.д. Воронеж
Имя издателя, распространителя и т. д. ВГЛТА
Дата издания, распространения и т.д. 1996
215 ## - ФИЗИЧЕСКАЯ ХАРАКТЕРИСТИКА
Специфическое обозначение материала и объем 203, [1] с.
Размеры 20
300 ## - ОБЩИЕ ПРИМЕЧАНИЯ
Текст примечания В надзаг.: Гос. ком. Рос. Федерации по высш. образованию, Федер. служба лесного хоз-ва России, Центр.-Чернозем. отд-ние Секции наук о лесе Акад. естеств. наук России, Воронеж гос. лесотех. акад.
320 ## - ПРИМЕЧАНИЯ О НАЛИЧИИ В ДОКУМЕНТЕ БИБЛИОГРАФИИ / УКАЗАТЕЛЯ
Текст примечания Алф. указ.: с. 203-204
702 #1 - ИМЯ ЛИЦА - ВТОРИЧНАЯ ОТВЕТСТВЕННОСТЬ
Код отношения Редактор
Графика поля Кириллица
Материалы, к которым относится поле rus
Начальный элемент ввода Шаталов
Часть имени, кроме начального элемента ввода В. Г.
Дополнения к именам, кроме дат д-р с.-х. наук
Даты 1938-1998
Расширение инициалов личного имени Виктор Григорьевич
Системный номер авторитетной/нормативной записи 117725
Идентификатор авторитетной/нормативной записи RU\NLR\AUTH\777798
712 01 - НАИМЕНОВАНИЕ ОРГАНИЗАЦИИ - ВТОРИЧНАЯ ОТВЕТСТВЕННОСТЬ
Начальный элемент ввода Российская Федерация
Структурное подразделение Комитет по высшему образованию
Системный номер авторитетной/нормативной записи 332681
Идентификатор авторитетной/нормативной записи RU\NLR\AUTH\889918281
801 #0 - ИСТОЧНИК ЗАПИСИ
Страна Российская Федерация
Организация NLR
Правила каталогизации psbo
801 #1 - ИСТОЧНИК ЗАПИСИ
Страна Российская Федерация
Организация ELAR
Источник данных rusmarc
852 ## - МЕСТОНАХОЖДЕНИЕ И ШИФР ХРАНЕНИЯ
Идентификатор организации NLR
Шифр хранения (Call Number) 96-3/4586
942 ## - ДОПОЛНИТЕЛЬНЫЕ ЭЛЕМЕНТЫ ЗАПИСИ (АБИС)
Тип экземпляра АБИС Книга
980 ## - КОЛЛЕКЦИЯ
Название коллекции Национальная библиография
Экземпляры
Тип экземпляра Дата поступления Библиотека постоянного хранения Библиотека текущего хранения Место хранения Шифр хранения Штрих-код Статус экземпляра
Книга 26.10.2013 РНБ (Московский) РНБ (Московский) Русский книжный фонд: издания с 1957 года 96-3/4586 5427559-10